00381nam a22001097a 4500003000400000020001800004082001900022100003600041245012600077260006000203300000800263SGT a9789382821960 a891.4309bH15S aशर्मा, बिना  aहिंदी शिक्षण का अंतर्राष्ट्रीय परिप्रेक्ष्य b नयी किताब प्रकाशन c2015 a279